书目信息 |
| 书名: | 压缩视频通信 | |
| 作者: | Abdul H. Sadka | |
| 分册号: | ||
| 分册名: | 出版地: | Beijing : |
|
| 出版社: | Science Press | |
| 出版时间: | 2004. | |
| 页数: | ix, 275 p. : | |
| 开本: | 26 cm. + | |
| 丛书名: | 国外高校电子信息类优秀教材 | |
| 中图分类号: | ||
| 科图分类号: | ||
| 其他分类号: | TN919.8 | |
| 主题词: | ||
| 电子资源: | http://www.loc.gov/catdir/toc/wiley021/2001058144.html | |
| 000 | 01406nam 2200385 a 4500 | |
| 001 | E0753969292 | |
| 004 | 001068978 | |
| 004 | 001068978 | |
| 005 | 20070312150233.98 | |
| 008 | 001 0 eng | |
| 008 | 4001uueng0000000 | |
| 008 | 4001uueng0000000 | |
| 010 | @a2001058144 | |
| 020 | @a7030132424 :@cCNY28.00. | |
| 040 | @aDLC @bchi@cDLC @dDLC @dCcBjTSG | |
| 042 | @apcc | |
| 050 | 00 | @aTK6680.5 @b.S24 2002 |
| 082 | 00 | @a621.388 @221 |
| 090 | @aTN919.8 | |
| 099 | @dTN919.8@ex7 | |
| 100 | 1 | @aSadka, Abdul H. |
| 245 | 10 | @a压缩视频通信 :@bCompressed video communications / @cAbdul H. Sadka |
| 246 | 31 | @aCompressed video communications |
| 246 | 3 | @aYa suo shi pin tong xin |
| 250 | @a影印本. | |
| 260 | @aBeijing :@bScience Press,@c2004. | |
| 300 | @aix, 275 p. :@bill. ;@c26 cm. +@e1 CD-ROM (4 3/4 in.). | |
| 440 | 0 | @a国外高校电子信息类优秀教材 |
| 504 | @aIncludes bibliographical references and index. | |
| 534 | @pReprint. Originally published: @cNew York : John Wiley & Sons, 2002, @z0470843128. | |
| 650 | 0 | @aDigital video. @2CT |
| 650 | 0 | @aVideo compression. @2CT |
| 852 | 0 | @bWWJC @cJ09 @k2-2004 @hTN941.3 @iS125 |
| 852 | 0 | @bWWJC @cJ09 @k2-2004 @hTN941.3 @iS125 |
| 856 | 41 | @3Table of contents @uhttp://www.loc.gov/catdir/toc/wiley021/2001058144.html @b01 @c20040728 @lNLC09 @h1442 @b40 @c20040813 @lNLC09 @h0950 @b40 @c20040826 @lNLC09 @h1534 |
| 压缩视频通信 : : Compressed video communications / / Abdul H. Sadka.-影印本.-Beijing : : Science Press, , 2004. |
| ix, 275 p. : : ill. ; ; 26 cm. + + 1 CD-ROM (4 3/4 in.).- (国外高校电子信息类优秀教材 ) |
| Includes bibliographical references and index. |
| ISBN 7030132424 :CNY28.00. |
| ● |
| 相关链接 |
|
|
|
|
正题名:压缩视频通信
索取号:TN919.8/x7
 
预约/预借
| 序号 | 登录号 | 条形码 | 馆藏地/架位号 | 状态 | 备注 |
| 1 | 001511 | 300015114 | 第四借阅区/ [索取号:TN919.8/x7] | 在馆 | |
| 2 | 001512 | 300015123 | 第四借阅区/ [索取号:TN919.8/x7] | 在馆 | |
| 3 | 001513 | 300015132 | 第四借阅区/ [索取号:TN919.8/x7] | 在馆 | |
| 4 | 001514 | 300015141 | 第四借阅区/ [索取号:TN919.8/x7] | 在馆 | |
| 5 | 001515 | 300015150 | 第四借阅区/ [索取号:TN919.8/x7] | 在馆 |